Elenca la formazione - Quiz n°311 - Statistics

Statistiche generali
  • Questo quiz è stato fatto 73 volte
  • Il punteggio medio è 10 su 11
Statistiche sulle risposte
Ruolo Club dell'epoca Calciatore % Corretto
Attaccante Tottenham Harry Kane
100%
Portiere Everton Jordan Pickford
94%
Difensore Manchester City John Stones
91%
Centrocampista Borussia Dortmund Jude Bellingham
91%
Difensore Manchester United Harry Maguire
90%
Difensore Manchester City Kyle Walker
88%
Centrocampista Arsenal Bukayo Saka
84%
Centrocampista Manchester City Phil Foden
84%
Mediano West Ham United Declan Rice
81%
Difensore Manchester United Luke Shaw
77%
Centrocampista Liverpool Jordan Henderson
74%
Nessun quiz corrispondente trovato
Distribuzione punteggi
Percentuale di utenti per punteggio
Percentile per numero di risposta
I tuoi punteggi nel tempo
Non hai fatto questo quiz